It looks like you're offline.
Open Library logo
additional options menu

MARC Record from Library of Congress

Record ID marc_loc_2016/BooksAll.2016.part08.utf8:51849393:571
Source Library of Congress
Download Link /show-records/marc_loc_2016/BooksAll.2016.part08.utf8:51849393:571?format=raw

LEADER: 00571cam a2200217 4500
001 73181615
003 DLC
005 19920529103707.2
008 720418r1970 nyua 000 0 eng
010 $a 73181615 //r92
020 $a0060110074
040 $aDLC$cDLC$dDLC
050 00 $aBF408$b.D4 1970b
082 00 $a153.3/5
100 10 $aDe Bono, Edward,$d1933-
245 10 $aLateral thinking: creativity step by step.
250 $a[1st U.S. ed.]
260 0 $aNew York,$bHarper & Row$c[c1970]
300 $a300 p.$billus.$c24 cm.
350 $a$8.95
650 0 $aLateral thinking.